000 00709nam a2200265Ia 4500
003 OSt
005 20220918163203.0
006 a|||||r|||| 00| 0
007 ta
008 220917b |||||||| |||| 00| 0 eng d
020 _a0 09 9750716 (pbk)
024 _a240,810
037 _cTextual
040 _aARTS
_cARTS
_beng
041 _2eng
_aeng
082 _aO121,3NCA,1, 111N6
100 _aCalasso Roberto
_911831
245 0 _aKA
260 _aLondon
_bVintage UK
_c1996
300 _a443p.
_ccm.
650 _aENGLISH LITERATURE
700 _a Parks Tim Tr.
_911832
942 _hO121,3NCA,1, 111N6
_cTEXL
_2CC
999 _c118279
_d118279